<?xml version="1.0" encoding="UTF-8"?>
<collection xmlns="http://www.loc.gov/MARC21/slim">
<record>
  <controlfield tag="001">129803</controlfield>
  <controlfield tag="005">20240111114816.0</controlfield>
  <datafield tag="024" ind1="7" ind2=" ">
    <subfield code="2">doi</subfield>
    <subfield code="a">10.24965/reala.v0i9.10470</subfield>
  </datafield>
  <datafield tag="024" ind1="8" ind2=" ">
    <subfield code="2">sideral</subfield>
    <subfield code="a">122845</subfield>
  </datafield>
  <datafield tag="037" ind1=" " ind2=" ">
    <subfield code="a">ART-2018-122845</subfield>
  </datafield>
  <datafield tag="041" ind1=" " ind2=" ">
    <subfield code="a">spa</subfield>
  </datafield>
  <datafield tag="100" ind1=" " ind2=" ">
    <subfield code="a">Guillén Navarro, Nicolás Alejandro</subfield>
    <subfield code="0">(orcid)0000-0001-8576-1973</subfield>
  </datafield>
  <datafield tag="245" ind1=" " ind2=" ">
    <subfield code="a">El arrendamiento de vehículos con conductor (VTC) y su entramado jurídico: el avance de Uber, Cabify y la economía colaborativa</subfield>
  </datafield>
  <datafield tag="260" ind1=" " ind2=" ">
    <subfield code="c">2018</subfield>
  </datafield>
  <datafield tag="520" ind1="3" ind2=" ">
    <subfield code="a">En los últimos años, el sector del taxi se enfrenta a la incursión de la economía colaborativa en el transporte urbano de viajeros en automóviles de turismo. Plataformas como Uber o Cabify intentan hacerse un hueco en este sector monopolizado por el taxi, no sin originar un importante conflicto acerca de la legalidad de su actividad. En este sentido, el tránsito de la utilización del modelo de transporte colaborativo al regulado arrendamiento de vehículo con conductor (VTC) ha insertado a este último en la disputa al servir como base legal de actuación de dichas plataformas. Este estudio pretende analizar todas estas cuestiones y cómo se está solventando la pugna entre el sector del taxi y el avance imparable de los VTC, en concreto lo relativo a la problemática regla 1/30 y su tratamiento jurisprudencial</subfield>
  </datafield>
  <datafield tag="506" ind1="0" ind2=" ">
    <subfield code="a">Access copy available to the general public</subfield>
    <subfield code="f">Unrestricted</subfield>
  </datafield>
  <datafield tag="540" ind1=" " ind2=" ">
    <subfield code="9">info:eu-repo/semantics/openAccess</subfield>
    <subfield code="a">by-nc</subfield>
    <subfield code="u">http://creativecommons.org/licenses/by-nc/3.0/es/</subfield>
  </datafield>
  <datafield tag="655" ind1=" " ind2="4">
    <subfield code="a">info:eu-repo/semantics/article</subfield>
    <subfield code="v">info:eu-repo/semantics/publishedVersion</subfield>
  </datafield>
  <datafield tag="773" ind1=" " ind2=" ">
    <subfield code="g">9 (2018), 128-147</subfield>
    <subfield code="p">Rev. estud. adm. local auton. (2004)</subfield>
    <subfield code="t">Revista de estudios de la administración local y autonómica (2004)</subfield>
    <subfield code="x">1699-7476</subfield>
  </datafield>
  <datafield tag="856" ind1="4" ind2=" ">
    <subfield code="s">630534</subfield>
    <subfield code="u">http://zaguan.unizar.es/record/129803/files/texto_completo.pdf</subfield>
    <subfield code="y">Versión publicada</subfield>
  </datafield>
  <datafield tag="856" ind1="4" ind2=" ">
    <subfield code="s">1865407</subfield>
    <subfield code="u">http://zaguan.unizar.es/record/129803/files/texto_completo.jpg?subformat=icon</subfield>
    <subfield code="x">icon</subfield>
    <subfield code="y">Versión publicada</subfield>
  </datafield>
  <datafield tag="909" ind1="C" ind2="O">
    <subfield code="o">oai:zaguan.unizar.es:129803</subfield>
    <subfield code="p">articulos</subfield>
    <subfield code="p">driver</subfield>
  </datafield>
  <datafield tag="951" ind1=" " ind2=" ">
    <subfield code="a">2024-01-11-09:28:21</subfield>
  </datafield>
  <datafield tag="980" ind1=" " ind2=" ">
    <subfield code="a">ARTICLE</subfield>
  </datafield>
</record>
</collection>